000
00304nam a2200121Ia 4500
008
190216s9999||||xx |||||||||||||| ||und||
100
_a
"Bipan C,Tripathi A&Amp;Barun De"
245
0
_a
Freedom Struggle
260
_b
National Book Stall
_c
1972
300
_a
228p
650
_a
Indian History
942
_c
BK
999
_c
19346
_d
19346